000 00433nam a2200145Ia 4500
008 100204s9999 xx 000 0 und d
082 _b24504
100 _aशिंदे अरुणा
245 _aबाप माणूस
260 _b"मिरा पब्लिकेशन्स, पुणे"
_c2000
300 _a90
630 _aबाप माणूस
730 _aबाप माणूस
942 _cBOOK
999 _c469685
_d469682